Utwory Stanisława Lema - nagła śmierć - Statystyki

Ogólne statystyki
  • Ten quiz został rozwiązany 176 razy
  • Średni wynik to 6 z 10
Answers on the Grid
Answers color-coded by a green-red scale on the quiz's grid according to % correct below.
,,Solaris"
,,Bajki robotów"
,,Czas nieutracony"
,,Obłok Magellana"
,,Powrót z gwiazd"
,,Pokój na Ziemi"
,,Cyberiada"
,,Fiasko"
,,Wizja lokalna"
,,Niezwyciężony"
,,Możliwości"
,,Przedwiośnie"
,,Zniewolony umysł"
,,Dyplomacja"
,,Bez dogmatu"
,,Wojna i pokój"
 
Statystyki odpowiedzi
Odpowiedź % Poprawnych
,,Solaris"
87%
,,Bajki robotów"
85%
,,Cyberiada"
84%
,,Powrót z gwiazd"
78%
,,Obłok Magellana"
73%
,,Czas nieutracony"
44%
,,Pokój na Ziemi"
44%
,,Wizja lokalna"
43%
,,Niezwyciężony"
39%
,,Fiasko"
34%
Nie znaleziono quizów pasujących do podanych kryteriów
Rozkład punktacji
Procent ludzi z każdym wynikiem
Percentyl według liczby udzielonych odpowiedzi
Twoja historia wyników
Nie rozwiązałeś tego quizu